<?xml version="1.0" encoding="UTF-8"?>
<collection xmlns="http://www.loc.gov/MARC21/slim">
<record>
  <controlfield tag="001">4549</controlfield>
  <controlfield tag="005">20200115144924.0</controlfield>
  <datafield tag="037" ind1=" " ind2=" ">
    <subfield code="a">CTALK-2020-0027</subfield>
  </datafield>
  <datafield tag="100" ind1=" " ind2=" ">
    <subfield code="a">Magdalenic, Jasmina</subfield>
  </datafield>
  <datafield tag="245" ind1=" " ind2=" ">
    <subfield code="a">Active region jets on August 25, 2011   </subfield>
  </datafield>
  <datafield tag="260" ind1=" " ind2=" ">
    <subfield code="c">2019</subfield>
  </datafield>
  <datafield tag="269" ind1=" " ind2=" ">
    <subfield code="c">2019-05-06</subfield>
  </datafield>
  <datafield tag="520" ind1=" " ind2=" ">
    <subfield code="a">Solar coronal jets are impulsive, collimated features, observed at different energies. Jets are seen on the Sun at all scales - from those occurring in coronal holes to those in active regions.  The process of creating jets is mostly considered to be related to reconnection between open and closed field lines. This study is focused on the active region jets which occur regularly at small-scale, but can also occur on a larger scale related to CMEs and SEPs. The aim of the study is to determine why the jets occurred in this particular active region, what their dynamics are, and possibly to predict what we might see with Solar Orbiter. Understanding the process of  jets  requires  spectral  and  imaging  data  across  different  energy  regimes.  Therefore,  we selected well observed series of jets which occurred on August 25, 2011, in the active region  NOAA 1271 (located near the western solar limb). First results of the multiwavelength study show that the repeated jets observed on August 25, originate from the western part of the active region and were associated with a small flux emergence. Due to the existence of open field lines but also a large trans-equatorial loop system (closed field lines), some of the type III radio bursts associated with jets propagated to the interplanetary space and some did not. In the  first  radio  triangulation  study  of  radio  emission  associated  with  jets,  we  employed goniopolarimetric measurements taken simultaneously from STEREO A and WIND spacecraft.  The reconstructed propagation paths of the interplanetary type III bursts associated with jets indicate that the fast electron beams are propagating towards the Earth, but the path does not completely coincide with the Parker spiral. This deviation in the propagation path of the electron beams associated with jets is probably due to the influence of a nearby coronal hole.</subfield>
  </datafield>
  <datafield tag="594" ind1=" " ind2=" ">
    <subfield code="a">NO</subfield>
  </datafield>
  <datafield tag="700" ind1=" " ind2=" ">
    <subfield code="a">Jebaraj, Immanuel</subfield>
  </datafield>
  <datafield tag="700" ind1=" " ind2=" ">
    <subfield code="a">Harra, Louis</subfield>
  </datafield>
  <datafield tag="700" ind1=" " ind2=" ">
    <subfield code="a">Matthews, S</subfield>
  </datafield>
  <datafield tag="700" ind1=" " ind2=" ">
    <subfield code="a">Berghmans, David</subfield>
  </datafield>
  <datafield tag="700" ind1=" " ind2=" ">
    <subfield code="a">Krupar, Vratislav</subfield>
  </datafield>
  <datafield tag="773" ind1=" " ind2=" ">
    <subfield code="t">CESRA 2019, Potsdam</subfield>
  </datafield>
  <datafield tag="856" ind1="0" ind2=" ">
    <subfield code="f">immanuel.jebaraj@observatoire.be</subfield>
  </datafield>
  <datafield tag="906" ind1=" " ind2=" ">
    <subfield code="a">Invited</subfield>
  </datafield>
  <datafield tag="980" ind1=" " ind2=" ">
    <subfield code="a">CTALKINVI</subfield>
  </datafield>
</record>
</collection>